00548pab a2200169 454500008004000000100002200040245008000062260000900142300001300151362001000164650002800174773003400202908000600236909001100242999001900253952010600272180718b2014 xxu||||| |||| 00| 0 eng d aBanerjee, Sumanta aHanoi (1965-68), Gaza (2014): Continuity and divergence over half a century c2014 ap.16-21. a6 Sep aInternational relations aEconomic and Political Weekly aN a105712 c105707d105707 00104070aIIPAbIIPAd2018-07-19hVolume no: 49, Issue no: 36pAR106172r2018-07-19w2018-07-19yAR